Harry Potter and the prisoner of Azkaban #3 [Large ... Read More
Available copies
- 0 of 1 copy available at LARL/NWRL Consortium.
Current holds
0 current holds with 1 total copy.
View other formats and editions
Show Only Available Copies
| Location | Call Number / Copy Notes | Barcode | Shelving Location | Status | Due Date |
|---|---|---|---|---|---|
| Godel Memorial-Warren Library | lp j ROW (Text) | 35500003133814 | Main | Checked out | 07/03/2026 |
Record details
- ISBN: 0786222743 (hc : alk. paper)
- Physical Description: 592 p. (large print ) ; 22 cm.
- Publisher: Thorndike, Me. : Thorndike Press, 2000.
Content descriptions
| General Note: | Sequel to: Harry Potter and the Chamber of Secrets. |
| Summary, etc.: | During his third year at Hogwarts School for ... Read More |
Search for related items by subject
| Subject: | Wizards > Fiction. Magic > Fiction. Schools > Fiction. England > Fiction. |
| Genre: | Large type books. |
Search for related items by series
| LDR | 01229nam a2200313Ia 4500 | ||
|---|---|---|---|
| 001 | 29915 | ||
| 003 | LARL_NWRL_CONSORTIUM | ||
| 005 | 20000519115411.0 | ||
| 008 | 990915s2000 meu cd 000 1 eng | ||
| 020 | . | ‡a0786222743 (hc : alk. paper) | |
| 035 | . | ‡a(OCoLC)42462998 | |
| 082 | 0 | 0. | ‡a[Fic] ‡221 |
| 099 | . | ‡aRow | |
| 100 | 1 | . | ‡aRowling, J. K. ‡0(LARL_NWRL_CONSORTIUM)125043 |
| 245 | 1 | 0. | ‡aHarry Potter and the prisoner of Azkaban ‡n#3 ‡h[Large Print] / ‡cJ.K. Rowling ; illustrations by Mary Grandpre'. |
| 260 | . | ‡aThorndike, Me. : ‡bThorndike Press, ‡c2000. | |
| 300 | . | ‡a592 p. (large print ) ; ‡c22 cm. | |
| 490 | 0 | . | ‡aHarry Potter ; ‡v3 |
| 500 | . | ‡aSequel to: Harry Potter and the Chamber of Secrets. | |
| 520 | . | ‡aDuring his third year at Hogwarts School for Witchcraft and Wizardry, Harry Potter must confront the devious and dangerous wizard responsible for his parents' deaths. | |
| 655 | 0. | ‡aLarge type books. | |
| 650 | 0. | ‡aWizards ‡vFiction. ‡0(LARL_NWRL_CONSORTIUM)168004 | |
| 650 | 0. | ‡aMagic ‡vFiction. ‡0(LARL_NWRL_CONSORTIUM)165984 | |
| 650 | 0. | ‡aSchools ‡vFiction. ‡0(LARL_NWRL_CONSORTIUM)167222 | |
| 651 | 0. | ‡aEngland ‡vFiction. | |
| 901 | . | ‡a29915 ‡bOCLC ‡c29915 ‡tbiblio | |

Add to basket
Permalink
Disable Highlighting